00662nam a2200217 a 450000100060000000300080000600500170001400800410003103500190007204000260009104100080011708200220012510000310014724500620017826000820024030000260032249000270034850000190037565000230039485600270041758257BD-RjUL20211209080613.0161217r1959 ii ||||| |||| 001 0 eng d a(BD-RjUL)58381 aBD-RjULbengcBD-RjUL aeng 223a320bHEI 1959 a Hermens, Ferdinand A. aIntroduction to modern politics /c Ferdinand A. Hermens aNotre Dame, Indiana :bUniversity of Notre Dame Presscc1958 [Reprinted 1959] axi, 242 p. ;c23 cm.  aInternational studies. aIncludes index a Political science 3 International studies